[Event "AUTO-INT-1909"]
[Site "http://www.queenalice.com/game.php?id=878503"]
[Date "2010.12.29"]
[Round "1"]
[White "agsantos"]
[Black "StoneStorm"]
[Result "1-0"]
[WhiteElo "1726"]
[BlackElo "1252"]

1. e4 e6 2. e5 Qh4 3. Nf3 Qe4+ 4. Be2 b6 5. O-O Bb7 6. Nc3 Qg6 7. Bd3 f5 8. Nh4
Qg5 9. Nf3 Bxf3 10. Qxf3 Nc6 11. Re1 Nb4 12. Qxa8+ Qd8 13. Qxd8+ Kxd8 14. a3
Nxd3 15. Re3 Nxf2 16. Kxf2 Bc5 17. Nb5 Bxe3+ 18. dxe3 a6 19. Nd4 Ne7 20. b4 Ng6
21. Bb2 a5 22. Nf3 axb4 23. axb4 Rf8 24. b5 f4 25. c4 fxe3+ 26. Kxe3 c6 27. Ra8+
Ke7 28. Rxf8 Kxf8 29. Bd4 cxb5 30. cxb5 Ke7 31. Bxb6 d6 32. exd6+ Kxd6 33. g3
Ne5 34. Nxe5 1-0

[Event "AUTO-BEG-450"]
[Site "http://www.queenalice.com/game.php?id=880641"]
[Date "2011.1.3"]
[Round "1"]
[White "StoneStorm"]
[Black "galego1"]
[Result "0-1"]
[WhiteElo "1338"]
[BlackElo "1579"]

1. e3 e5 2. Nc3 d6 3. Nf3 Nc6 4. Bb5 Bd7 5. Nd5 Nf6 6. Nxf6+ Qxf6 7. Bxc6 Bxc6
8. b3 Bxf3 9. gxf3 O-O-O 10. Bb2 Qh4 11. Qe2 f5 12. O-O-O Rg8 13. f4 e4 14. d3
d5 15. dxe4 dxe4 16. Rxd8+ Qxd8 17. Qh5 g6 18. Qe2 Bg7 19. Rd1 Bxb2+ 20. Kxb2
Qf6+ 21. c3 Rd8 22. f3 exf3 23. Rxd8+ Qxd8 24. Qxf3 Qd2+ 25. Ka3 Qxc3 26. Qd5
Qc1+ 27. Ka4 Qc6+ 28. Qxc6 bxc6 29. h4 Kb7 30. Kb4 Kb6 31. a4 c5+ 32. Kc4 Kc6
33. b4 cxb4 34. Kxb4 Kd5 35. Ka5 c5 0-1

[Event "AUTO-BEG-450"]
[Site "http://www.queenalice.com/game.php?id=880642"]
[Date "2011.1.3"]
[Round "1"]
[White "galego1"]
[Black "StoneStorm"]
[Result "1-0"]
[WhiteElo "1589"]
[BlackElo "1332"]

1. e4 e5 2. Nf3 Nf6 3. Nxe5 Qe7 4. Nf3 Qxe4+ 5. Qe2 Qxe2+ 6. Bxe2 Bc5 7. c3 O-O
8. O-O Re8 9. Re1 Ng4 10. d4 Bd6 11. h3 Nxf2 12. Kxf2 Be7 13. Kg1 d5 14. Bf4 Bd6
15. Bxd6 cxd6 16. Nbd2 Nd7 17. Bd3 Nf6 18. Rxe8+ Nxe8 19. Re1 Bd7 20. Ng5 Nf6
21. Re7 h6 22. Ngf3 Kf8 23. Re1 g5 24. Nf1 g4 25. hxg4 Bxg4 26. N1h2 h5 27. Nxg4
hxg4 28. Ng5 g3 29. Nh7+ Nxh7 30. Bxh7 Kg7 31. Bc2 Rf8 32. Re3 a5 33. Bb3 f5 34.
Re7+ Kf6 35. Rxb7 f4 36. Bxd5 Re8 37. Kf1 Kg5 38. Rd7 a4 39. Rxd6 1-0

[Event "AUTO-BEG-450"]
[Site "http://www.queenalice.com/game.php?id=880645"]
[Date "2011.1.3"]
[Round "1"]
[White "StoneStorm"]
[Black "Ralfostarr"]
[Result "1-0"]
[WhiteElo "1249"]
[BlackElo "1273"]

1. Nf3 Nc6 2. e4 d5 3. exd5 Qxd5 4. c4 Qe6+ 5. Be2 Nf6 6. Qb3 Na5 7. Qb5+ Nc6 8.
Nd4 Bd7 9. Nxe6 fxe6 10. Qxb7 Rc8 11. Bf3 Kd8 12. Bxc6 Bxc6 13. Qxc6 e5 14. O-O
e4 15. Nc3 e5 16. Nxe4 Bd6 17. Nxf6 gxf6 18. c5 Be7 19. Qd5+ Ke8 20. d4 c6 21.
Qc4 Kd7 22. dxe5 f5 23. Rd1+ Kc7 24. Qe6 Bxc5 25. Qf7+ Kb6 26. Be3 Rhf8 27.
Bxc5+ Kxc5 28. Qb3 Rb8 29. Rac1# 1-0

[Event "AUTO-BEG-450"]
[Site "http://www.queenalice.com/game.php?id=880646"]
[Date "2011.1.3"]
[Round "1"]
[White "Ralfostarr"]
[Black "StoneStorm"]
[Result "1-0"]
[WhiteElo "1279"]
[BlackElo "1276"]

1. d4 Nc6 2. Bf4 d6 3. d5 Ne5 4. Bxe5 dxe5 5. Nc3 Nf6 6. e4 e6 7. Bb5+ Bd7 8.
dxe6 fxe6 9. a4 c6 10. Be2 Qa5 11. Qd2 Bb4 12. f3 c5 13. Nh3 O-O-O 14. O-O Bxa4
15. Bd3 Rhf8 16. Rxa4 Nxe4 17. Bxe4 Rxd2 18. Rxa5 Bxa5 19. Ra1 Bxc3 20. bxc3
Rfd8 21. Nf2 a6 22. Kf1 h6 23. Ke1 g5 24. Rd1 Rxd1+ 25. Nxd1 c4 26. Ne3 b5 27.
Ng4 h5 28. Nxe5 g4 29. fxg4 hxg4 30. Nxg4 a5 31. Bc6 a4 32. Bxb5 a3 33. Bxc4 Kd7
34. h4 Rg8 35. Ne3 e5 36. Bxg8 1-0

[Event "AUTO-OPEN-2092"]
[Site "http://www.queenalice.com/game.php?id=902423"]
[Date "2011.2.18"]
[Round "2"]
[White "StoneStorm"]
[Black "vallef"]
[Result "1-0"]
[WhiteElo "1408"]
[BlackElo "1861"]

1. Nf3 Nc6 2. e3 e5 3. d4 e4 4. Ne5 Nxe5 5. dxe5 d5 6. Nc3 Bb4 7. Bd2 d4 8. exd4
Qxd4 9. Qe2 Bxc3 10. Bxc3 Qd5 11. Rd1 Qxa2 12. b3 Qa3 13. Qxe4 Qe7 14. Bb4 c5
15. Bc3 f6 16. Qa4+ Bd7 17. Bb5 Rd8 18. O-O fxe5 19. Bxe5 Nh6 20. Rfe1 O-O 21.
Bxd7 Rf7 22. Bc7 Rxd7 23. Qxd7 Qxe1+ 24. Rxe1 Rxd7 25. Bb8 a6 26. h3 Nf5 27. c3
Kf7 28. Re5 Ne7 29. Rxc5 b5 30. f3 Nd5 31. Kf2 Ke6 32. Rc6+ Kf5 33. g4+ Kg5 34.
Kg3 g6 35. Rxa6 Rf7 36. c4 1-0

[Event "AUTO-OPEN-2092"]
[Site "http://www.queenalice.com/game.php?id=902424"]
[Date "2011.2.18"]
[Round "2"]
[White "vallef"]
[Black "StoneStorm"]
[Result "1-0"]
[WhiteElo "1849"]
[BlackElo "1332"]

1. e4 d5 2. e5 Nc6 3. d4 f6 4. Bb5 fxe5 5. Bxc6+ bxc6 6. dxe5 c5 7. Nf3 e6 8. c4
Ne7 9. cxd5 exd5 10. O-O Ba6 11. Re1 Nc6 12. Qa4 Bb7 13. Bg5 Be7 14. Bxe7 Qxe7
15. Nc3 O-O 16. Nxd5 Qe6 17. Nxc7 Qe8 18. Nxe8 1-0

[Event "AUTO-OPEN-2092"]
[Site "http://www.queenalice.com/game.php?id=947080"]
[Date "2011.6.7"]
[Round "3"]
[White "vallef"]
[Black "StoneStorm"]
[Result "1-0"]
[WhiteElo "1736"]
[BlackElo "1494"]

1. e4 e5 2. Nf3 Nc6 3. Bb5 a6 4. Bxc6 dxc6 5. d4 Nf6 6. Bg5 Be7 7. Nc3 h6 8. Bh4
exd4 9. e5 Ng4 10. Bxe7 Qxe7 11. Qxd4 O-O 12. h3 c5 13. Qf4 Nxe5 14. O-O-O Nc6
15. Nd5 Qe6 16. Nxc7 Qxa2 17. Nxa8 Qa1+ 18. Kd2 Rd8+ 19. Ke2 Re8+ 20. Ne5 Qxb2
21. Qxf7+ 1-0

[Event "AUTO-OPEN-2092"]
[Site "http://www.queenalice.com/game.php?id=947081"]
[Date "2011.6.7"]
[Round "3"]
[White "StoneStorm"]
[Black "vallef"]
[Result "1-0"]
[WhiteElo "1518"]
[BlackElo "1768"]

1. e4 e5 2. Nf3 Nc6 3. Bb5 Nf6 4. Bxc6 bxc6 5. Nxe5 Qe7 6. d4 Bb7 7. Nc3 Qb4 8.
a3 Qd6 9. Bf4 Qe7 10. O-O c5 11. Bg5 cxd4 12. Qxd4 g6 13. Ng4 c5 14. Qd1 Qe6 15.
Nxf6+ Kd8 16. Nfd5+ Kc8 17. Re1 h6 18. Bf4 g5 19. Nc7 Qf6 20. Bg3 Rb8 21. N7d5
Qe6 22. Bxb8 Kxb8 23. Na4 Bd6 24. e5 Bxd5 25. exd6 Qxd6 26. c4 1-0

[Event "AUTO-OPEN-2092"]
[Site "http://www.queenalice.com/game.php?id=947084"]
[Date "2011.6.7"]
[Round "3"]
[White "StoneStorm"]
[Black "luciano"]
[Result "0-1"]
[WhiteElo "1548"]
[BlackElo "2127"]

1. e4 c5 2. d4 cxd4 3. Qxd4 Nc6 4. Qd5 Nf6 5. Qd2 Nxe4 6. Qe3 d5 7. f3 Nf6 8.
Bd3 e5 9. Bb5 d4 10. Qb3 Be6 11. Qa4 Qd7 12. Bg5 Be7 13. Ne2 a6 14. Bd3 b5 15.
Bxb5 Bd5 16. c4 O-O 17. cxd5 axb5 18. Qxb5 Ra5 19. Qb3 Nxd5 20. Bd2 Rb8 21. Qd3
Rxb2 22. Bxa5 Ncb4 23. Bxb4 Nxb4 24. Qe4 Nc2+ 25. Kf2 Nxa1 0-1